Physiology, Psychoacoustics and Cognition in Normal and Impaired Hearing

The International Symposium on Hearing is a prestigious,triennial gathering where world-class scientists present and discuss the most recent advances in the field of human and animal hearing research. The 2015 edition will particularly focus on integrative approaches linking physiological, psychophy...

Πλήρης περιγραφή

Λεπτομέρειες βιβλιογραφικής εγγραφής
Συγγραφή απο Οργανισμό/Αρχή: SpringerLink (Online service)
Άλλοι συγγραφείς: van Dijk, Pim (Επιμελητής έκδοσης), Başkent, Deniz (Επιμελητής έκδοσης), Gaudrain, Etienne (Επιμελητής έκδοσης), de Kleine, Emile (Επιμελητής έκδοσης), Wagner, Anita (Επιμελητής έκδοσης), Lanting, Cris (Επιμελητής έκδοσης)
Μορφή: Ηλεκτρονική πηγή Ηλ. βιβλίο
Γλώσσα:English
Έκδοση: Cham : Springer International Publishing : Imprint: Springer, 2016.
Σειρά:Advances in Experimental Medicine and Biology, 894
Θέματα:
Διαθέσιμο Online:Full Text via HEAL-Link
LEADER 02526nam a22005175i 4500
001 978-3-319-25474-6
003 DE-He213
005 20171219022006.0
007 cr nn 008mamaa
008 160414s2016 gw | s |||| 0|eng d
020 |a 9783319254746  |9 978-3-319-25474-6 
024 7 |a 10.1007/978-3-319-25474-6  |2 doi 
040 |d GrThAP 
050 4 |a RC321-580 
072 7 |a PSAN  |2 bicssc 
072 7 |a MED057000  |2 bisacsh 
082 0 4 |a 612.8  |2 23 
245 1 0 |a Physiology, Psychoacoustics and Cognition in Normal and Impaired Hearing  |h [electronic resource] /  |c edited by Pim van Dijk, Deniz Başkent, Etienne Gaudrain, Emile de Kleine, Anita Wagner, Cris Lanting. 
264 1 |a Cham :  |b Springer International Publishing :  |b Imprint: Springer,  |c 2016. 
300 |a XXIX, 484 p. 138 illus., 92 illus. in color.  |b online resource. 
336 |a text  |b txt  |2 rdacontent 
337 |a computer  |b c  |2 rdamedia 
338 |a online resource  |b cr  |2 rdacarrier 
347 |a text file  |b PDF  |2 rda 
490 1 |a Advances in Experimental Medicine and Biology,  |x 0065-2598 ;  |v 894 
506 0 |a Open Access 
520 |a The International Symposium on Hearing is a prestigious,triennial gathering where world-class scientists present and discuss the most recent advances in the field of human and animal hearing research. The 2015 edition will particularly focus on integrative approaches linking physiological, psychophysical and cognitive aspects of normal and impaired hearing. Like previous editions, the proceedings will contain about 50 chapters ranging from basic to applied research, and of interest to neuroscientists, psychologists, audiologists, engineers, otolaryngologists, and artificial intelligent researchers. 
650 0 |a Medicine. 
650 0 |a Neurosciences. 
650 0 |a Otorhinolaryngology. 
650 1 4 |a Biomedicine. 
650 2 4 |a Neurosciences. 
650 2 4 |a Otorhinolaryngology. 
700 1 |a van Dijk, Pim.  |e editor. 
700 1 |a Başkent, Deniz.  |e editor. 
700 1 |a Gaudrain, Etienne.  |e editor. 
700 1 |a de Kleine, Emile.  |e editor. 
700 1 |a Wagner, Anita.  |e editor. 
700 1 |a Lanting, Cris.  |e editor. 
710 2 |a SpringerLink (Online service) 
773 0 |t Springer eBooks 
776 0 8 |i Printed edition:  |z 9783319254722 
830 0 |a Advances in Experimental Medicine and Biology,  |x 0065-2598 ;  |v 894 
856 4 0 |u http://dx.doi.org/10.1007/978-3-319-25474-6  |z Full Text via HEAL-Link 
912 |a ZDB-2-SBL 
950 |a Biomedical and Life Sciences (Springer-11642)